01154nam a2200241 a 450000100060000000300090000600800410001504000280005608200180008410000410010224500360014326000430017930000080022250502420023059001110047265000330058365000400061665000390065665000350069594200120073099900170074295201530075922640CO-ViMGA141112s2004 ck r 000 u spa d aCO-ViMGAbspacCO-ViMGA04a321.252 V351s1 aVelasquez Fernandez, Mauricio93222810aEl sistema pensional colombiano aMedellin : bSeñal Editorial, c2007 a265 aHistoria de la seguridad social 11 - 25 - - Crisis del modelo de seguridad social en el estado de bienestar 31 - 40 - - La relacion juridica en la seguridad social 47 - 52 - - El derecho penal como un derecho social fundamental 57 - 90  aForma de adquisición : Compra - - Precio : 2008 - - Proveedor : Dismet - - Fecha de adquisición : 200814aSEGURIDA SOCIAL CHILE93222914aSEGURIDAD SOCIAL - ARGENTINA93223014aSEGURIDAD SOCIAL - COLOMBIA91112714aSEGURIDAD SOCIAL BRAZIL932231 2ddccBK c30941d30941 00102ddc40708002aMEVIECARbMEVIECARd2015-12-04hVolumen. 1 | 11/jun/2009l0o321.252 V351s p22640r2015-12-04 00:00:00tEj. 1w2015-12-04yBK